00381nam a2200133Ia 450000500170000000800410001702000150005808200130007310000130008624500320009926000240013130000130015550000790016820250528032912.0240331s9999 xx 000 0 und d a9555800251 bPERa303 aPerera,S 0aWiwaharika buddiye viyogaya aColombobICESc1997 a182 p ., aA Commentary on several Social, Cultural and political trends in Sri Lanka